| 000 | 00943 a2200205 4500 | ||
|---|---|---|---|
| 001 | 37542 | ||
| 005 | 20260407155643.0 | ||
| 008 | 260407a1969 arg spa d | ||
| 003 | AR-UNSa-BCEJYS | ||
| 040 |
_aAR-UNSa-BCEJYS _bspa _cAR-UNSa-BCEJYS |
||
| 080 |
_a658.78 _xGestión de almacenes y existencias. Expedición |
||
| 245 | 1 | 0 | _aManual práctico de la gestión de stocks |
| 264 | 1 |
_aMadrid : _bIberico Europea de Ediciones _c1969 |
|
| 300 |
_a276 p. _c22 cm. |
||
| 505 | _a1. La gestión de los stocks - 2. Almacenes - 3. La gestión - 4. La simbolización de los materiales - 5. Las fichas de gestión - 6. La función de ordenamiento - 7. La vida de la gestión - 8. Trabajos en curso - 9. Adaptación a los tratamientos mecanográficos - 10. Paso progresivo de gestión manual a gestión en ordenador. | ||
| 942 | _cBK | ||
| 590 | _aniveau_biblio:m niveau_hierar:0 | ||
| 100 | 1 | _aAntier, P. | |
| 700 | 1 | _aMartinez de la Hidalga, Julio | |
| 999 |
_c2761 _d2761 |
||